Nový právní a ekonomický rámec pro poskytování naturální mzdy.
Podmienky pre poskytovanie naturálnej mzdy. Definícia naturálnej mzdy ako výrobkov, výkonov, práce a služieb. Výška naturálnej mzdy a zdroje jej vyplácania.
Na minha lista:
| Autor principal: | |
|---|---|
| Formato: | Capítulo de Livro |
| Idioma: | tcheco |
| Assuntos: | |
| Tags: |
Sem tags, seja o primeiro a adicionar uma tag!
|
MARC
| LEADER | 00000naa a2200000 4500 | ||
|---|---|---|---|
| 001 | r010251 | ||
| 005 | 20220831085033.5 | ||
| 041 | 0 | |a cze | |
| 044 | |a [CS] | ||
| 245 | 1 | 0 | |a Nový právní a ekonomický rámec pro poskytování naturální mzdy. |c J. Hajný |
| 520 | |a Podmienky pre poskytovanie naturálnej mzdy. Definícia naturálnej mzdy ako výrobkov, výkonov, práce a služieb. Výška naturálnej mzdy a zdroje jej vyplácania. | ||
| 610 | 2 | 0 | |a mzdy zmiešané |
| 610 | 2 | 0 | |a predpisy právne |
| 610 | 2 | 0 | |a ČSFR |
| 610 | 2 | 0 | |a 1992 |
| 100 | 1 | |a Hajný, J. | |